| 000 | 00405nam a2200157 a 4500 | ||
|---|---|---|---|
| 005 | 20140412111415.0 | ||
| 008 | 110408s19uu xx 00 eng d | ||
| 020 | _a0-7364-1348-0 | ||
| 050 |
_aER _bSc1 2002 |
||
| 100 | _aTrimble, Irene | ||
| 245 |
_aSnow White and the seven dwarfs / _cIrene Trimble. |
||
| 260 |
_aUSA : _bRandom, _c2002. |
||
| 300 | _aunp. | ||
| 440 | _aWalt disney | ||
| 999 |
_c105793 _d105793 |
||